000 00418cam a2200181 4500
001 D6290
008 090401t1982 xxu||||| |||| 00| 0 eng d
035 _a(Sirsi) u24
041 _aeng
050 _a624.151
100 _aJoyce, Michael D
245 _aSite investigation practice
260 _aLondon
_bE and F N Spon
_c1982
300 _axiv. 369p. 25cm
350 _a19.5
942 _n0
948 _c04/03/1997
999 _c85478
_d85478